=LDR 00000nam 2200000 4500 =001 INLIS000000000001691 =005 20230803093321 =035 ##$$a 0010-0823000139 =007 ta =008 230803################g##########0#eng## =020 ##$$a 030-904-941-5 =082 ##$$a 614.09-648 =084 ##$$a 614.09-648 EWB e =100 #$$a Ewbank Douglas C. =245 1#$$a Effect Of Health Programs On Child Morality In Sub-Saharan Africa /$c Ewbank Douglas C. =260 ##$$a Wasshington D.C :$b National Academy Press,$c 1993 =300 ##$$a 166 : $b ilus ; $c 22,8cm =650 #4$$a KESEHATAN =700 #$$a Gribble James N. =520 ##$$a healthy impacted to the morality of people